000 00668nam a2200205 a 4500
003 MX-MxUPN
005 20250827081001.0
008 991125q1920 mx a r 000 0 spa d
035 _aUPN01000011056
040 _aMX-MxUPN
_bspa
_cMX-MxUPN
041 0 _aspa
050 1 4 _aPZ71
_bC35
245 0 3 _aLa conquista y la Colonia
246 1 4 _aLa conquista :
_bleyendas de la Colonia
260 _aMéxico :
_bEditorial Nueva España,
_c[1920?].
300 _a48 páginas :
_bilustraciones
490 0 _aColección de lecturas clásicas para niños
650 4 _aLibros y lectura para niños
_92290
710 2 _aInstituto Nuevo León (México)
_953114
_epropietario anterior
999 _c11056
_d11056